[Event "LA LUPA OPEN A "]
[Site "?"]
[Date "2019.05.16"]
[Round "3"]
[White "FILOTEI, MARCELLO."]
[Black "RINALDO, LUIGI."]
[Result "0-1"]
[WhiteElo "1571"]
[BlackElo "1783"]
[PlyCount "118"]
[EventDate "2019.??.??"]

1. d4 d5 2. Bf4 e6 3. e3 Bd6 4. Bg3 Nf6 5. Bd3 c6 6. Nd2 Qc7 7. Ngf3 Nbd7 8.
Bxd6 Qxd6 9. O-O O-O 10. e4 dxe4 11. Nxe4 Nxe4 12. Bxe4 Nf6 13. Bd3 b6 14. c3
Bb7 15. Re1 Rfd8 16. Qe2 c5 17. Rad1 cxd4 18. Nxd4 Qd5 19. Qf3 Qxf3 20. Nxf3
Bxf3 21. gxf3 h6 22. Be4 Rab8 23. Kg2 Kf8 24. Bc2 Nd5 25. Bb3 Nf4+ 26. Kf1 Nd3
27. Re2 Nc5 28. Rxd8+ Rxd8 29. Bc2 Ke7 30. Ke1 Rd5 31. f4 Rh5 32. f3 Kf6 33. b4
Nb7 34. Be4 Nd6 35. Rd2 Ke7 36. Rg2 g6 37. Bd3 Rh4 38. c4 Rxf4 39. c5 Nc8 40.
Ba6 Kd7 41. Rd2+ Kc7 42. c6 Nd6 43. Ke2 Rxb4 44. Rc2 Ra4 45. Bd3 Ra5 46. Ke3
Rc5 47. Rg2 Kxc6 48. Bxg6 fxg6 49. Rxg6 Nf5+ 50. Ke4 Kd6 51. Rg8 Rc2 52. Rd8+
Ke7 53. Rb8 Rxa2 54. Ke5 Ra5+ 55. Kf4 Nd6 56. Rh8 Rh5 57. Kg3 a5 58. h4 Nf5+
59. Kg4 Rxh4# 0-1

[Event "LA LUPA OPEN A "]
[Site "?"]
[Date "2019.05.16"]
[Round "3"]
[White "QUAGLIA, FERDINANDO."]
[Black "RENZI, ALESSIO."]
[Result "1-0"]
[WhiteElo "1479"]
[BlackElo "1744"]
[PlyCount "75"]

1. d4 Nf6 2. c4 b6 3. Nf3 Bb7 4. Nc3 e6 5. Bg5 h6 6. Bxf6 Qxf6 7. e3 Bd6 8. Bd3
Nc6 9. a3 a6 10. Ne4 Qe7 11. Nxd6+ Qxd6 12. O-O O-O 13. d5 Ne7 14. e4 Ng6 15.
Rc1 c5 16. Re1 e5 17. g3 a5 18. a4 Qc7 19. Nd2 d6 20. Be2 Bc8 21. Bg4 Ne7 22.
Bxc8 Raxc8 23. Nb1 f5 24. f3 fxe4 25. fxe4 Qd7 26. Qc2 Rf6 27. Rf1 Rcf8 28.
Rxf6 Rxf6 29. Rf1 Rxf1+ 30. Kxf1 Qh3+ 31. Qg2 Qg4 32. Nc3 Qg5 33. Qc2 Qe3 34.
Kg2 Kh7 35. Qf2 Qd3 36. Qe2 Qxe2+ 37. Nxe2 Ng6 38. Nc3 {IL RESTO E' ILLEGIBILE}
1-0

[Event "LA LUPA OPEN A "]
[Site "?"]
[Date "2019.05.16"]
[Round "3"]
[White "ROCCHI, FEDERICO."]
[Black "MARINO, GIOVANNI."]
[Result "1-0"]
[WhiteElo "1903"]
[BlackElo "2017"]
[PlyCount "95"]

1. c4 e5 2. g3 Nf6 3. Bg2 c6 4. Nc3 d5 5. cxd5 cxd5 6. d4 exd4 7. Qxd4 Nc6 8.
Qa4 d4 9. Nb1 Bd7 10. Qd1 Bc5 11. Nf3 O-O 12. O-O Re8 13. Nbd2 Bf5 14. Nb3 Bb6
15. Bg5 h6 16. Bf4 Qd7 17. Rc1 Rad8 18. Nc5 Qe7 19. Nxb7 Qxb7 20. Ne5 Rxe5 21.
Bxc6 Qb8 22. b4 Bc7 23. Bxe5 Bxe5 24. b5 h5 25. Rc5 Bh3 26. Re1 h4 27. Qd3 hxg3
28. hxg3 g6 29. Rec1 Bf5 30. Qf3 d3 31. exd3 Rxd3 32. Qg2 Bd4 33. Bf3 Be4 34.
Rc8+ Kg7 35. Rxb8 Rxf3 36. Qh2 Bxf2+ 37. Qxf2 Rxf2 38. Kxf2 Bd3 39. Rc7 Ne4+
40. Ke3 Bb1 41. Rxa7 Nxg3 42. Rbb7 Nf5+ 43. Kf4 Nd6 44. Rd7 Nxb5 45. Rxf7+ Kg8
46. Rg7+ Kf8 47. Raf7+ Ke8 48. Rb7 {IL NERO ABBANDONA} 1-0

[Event "LA LUPA OPEN A "]
[Site "?"]
[Date "2019.05.16"]
[Round "3"]
[White "ARABITO, GIUSEPPE."]
[Black "TOMASSI, EMIDIO."]
[Result "1/2-1/2"]
[WhiteElo "1601"]
[BlackElo "1635"]
[PlyCount "125"]

1. e4 b6 2. Nf3 Bb7 3. g3 Bxe4 4. Qe2 Nf6 5. Bg2 e6 6. d3 Bb7 7. O-O Be7 8. c4
O-O 9. Nc3 d5 10. b3 d4 11. Nb5 c5 12. Bf4 Nc6 13. Ne5 Na5 14. Bxb7 Nxb7 15.
Nc6 Qd7 16. Qf3 Bd6 17. Ne5 Bxe5 18. Bxe5 Ne8 19. g4 Ned6 20. Na3 f6 21. Bg3
Nf7 22. Nc2 Na5 23. b4 Nc6 24. bxc5 Nce5 25. Qe4 bxc5 26. h4 Rab8 27. Rfb1 Rb6
28. Rxb6 axb6 29. a4 Rb8 30. Ne1 Rb7 31. Nf3 Nxf3+ 32. Qxf3 Ra7 33. Qd1 Qc6 34.
Qb3 e5 35. Rb1 Ra6 36. Kf1 Nd6 37. Ke2 Nc8 38. Qb5 Qxb5 39. axb5 Ra3 40. Rd1
Kf7 41. Kf3 Nd6 42. Ke2 Ke6 43. f3 f5 44. gxf5+ Nxf5 45. Bf2 Ne7 46. Rd2 Ng6
47. Bg3 Kf5 48. Kf2 h6 49. Kg2 Nf4+ 50. Bxf4 Kxf4 51. h5 Ra8 52. Re2 Re8 53.
Re4+ Kg5 54. Rg4+ Kxh5 55. Rxg7 Re6 56. Rc7 Kg5 57. Kg3 Kf5 58. Kh4 Rg6 59. Kh5
Rf6 60. Rc8 Kf4 61. Rc6 Kf5 62. Rc8 Kf4 63. Rc6 1/2-1/2

[Event "LA LUPA OPEN A "]
[Site "?"]
[Date "2019.05.16"]
[Round "3"]
[White "ALBORE, DANIELE."]
[Black "AGOSTINI, MAURIZIO."]
[Result "0-1"]
[WhiteElo "1649"]
[BlackElo "1802"]
[PlyCount "166"]

1. e4 d5 2. exd5 Qxd5 3. Nc3 Qa5 4. d4 Nf6 5. Nf3 c6 6. Bc4 Bf5 7. Bd2 e6 8.
Nd5 Qd8 9. Nxf6+ gxf6 10. c3 Qc7 11. Qe2 Nd7 12. Nh4 Bg6 13. f4 O-O-O 14. O-O-O
Bd6 15. Rhf1 f5 16. g4 fxg4 17. Nxg6 hxg6 18. Qxg4 Rxh2 19. Rde1 Rdh8 20. Re2
R2h4 21. Qg5 R8h5 22. Qg2 Bxf4 23. Ref2 Bxd2+ 24. Kxd2 Rh2 25. Qf3 Rf5 26. Qe2
Rhxf2 27. Rxf2 Rxf2 28. Qxf2 Nb6 29. Bb3 a5 30. Qh4 a4 31. Bc2 Nd5 32. Bxa4
Qf4+ 33. Qxf4 Nxf4 34. Ke3 g5 35. c4 Kd7 36. Bc2 f5 37. a4 Nh3 38. Kf3 g4+ 39.
Kg3 Ng1 40. Bd1 Nh3 41. Bc2 Ng5 42. Kf4 Nf7 43. Bd3 Kd6 44. Bf1 c5 45. d5 b6
46. Bg2 Ne5 47. dxe6 Nxc4 48. b3 Nd2 49. Kxf5 Ke7 50. Kxg4 Kxe6 51. Kf4 Nxb3
52. Ke3 c4 53. Bf3 Kd6 54. Bd1 Kc5 55. Bh5 Kb4 56. Bf7 c3 57. Kd3 Nc5+ 58. Kc2
Nxa4 59. Be6 b5 60. Bf7 Ka3 61. Bg8 b4 62. Bf7 Nc5 63. Bd5 Ka4 64. Bf7 Kb5 65.
Bd5 Nd7 66. Bf7 Ne5 67. Be6 Nc4 68. Kb3 Na3 69. Bf5 Kc5 70. Bg6 Nb5 71. Bf7
Nd4+ 72. Ka2 Nc2 73. Kb3 Nd4+ 74. Ka2 Ne2 75. Kb3 Nc1+ 76. Kc2 Ne2 77. Kb3 Kd4
78. Kc2 Ke3 79. Bg8 Nd4+ 80. Kc1 Ne2+ 81. Kc2 Nd4+ 82. Kc1 c2 83. Bh7 b3 0-1

[Event "LA LUPA OPEN A "]
[Site "?"]
[Date "2019.05.16"]
[Round "3"]
[White "CASTELLANO, LORENZO."]
[Black "MILANI , PATRIZIA."]
[Result "1-0"]
[WhiteElo "1841"]
[BlackElo "1528"]
[PlyCount "40"]

1. e4 c6 2. c4 e6 3. Nc3 Bd6 4. d4 e5 5. Nf3 f6 6. dxe5 Bxe5 7. Nxe5 fxe5 8.
Qh5+ Kf8 9. Qxe5 Qf6 10. Qg3 d6 11. Bf4 Ne7 12. Bxd6 Nd7 13. e5 Qxd6 14. Ne4
Ke8 15. Ng5 Qg6 16. Bd3 Nf5 17. Qf4 h6 18. Nf3 Nf8 19. Nh4 Qf7 20. Bxf5 g6 1-0

[Event "LA LUPA OPEN A "]
[Site "?"]
[Date "2019.05.16"]
[Round "3"]
[White "BOLLA, VITTORIO."]
[Black "CONDORELLI, ROBERTO."]
[Result "1-0"]
[WhiteElo "1604"]
[BlackElo "1374"]
[PlyCount "89"]

1. e4 c6 2. d4 d5 3. exd5 cxd5 4. c4 Bf5 5. Nc3 e6 6. Nf3 Nf6 7. Bg5 Be7 8. Ne5
O-O 9. Qb3 b6 10. Bxf6 Bxf6 11. cxd5 exd5 12. Qxd5 Nd7 13. Nxd7 Bxd7 14. O-O-O
Be6 15. Qe4 Rc8 16. Kb1 Qd7 17. Bb5 Qe7 18. Rhe1 g6 19. Ka1 Rc7 20. Nd5 Bxd5
21. Qxd5 Qb4 22. a3 Qa5 23. Qd6 Bd8 24. Bc6 Rc8 25. Re5 Bc7 26. Rxa5 Bxd6 27.
Rxa7 Rxc6 28. d5 Rc2 29. Rd7 Be5 30. Rb1 Rxf2 31. Re7 Bf6 32. Rd7 Rd8 33. Rxd8+
Bxd8 34. Rd1 Rxg2 35. d6 Bf6 36. d7 Bxb2+ 37. Kb1 Bf6 38. d8=Q+ Bxd8 39. Rxd8+
Kg7 40. Rb8 f5 41. Rxb6 f4 42. Rb3 Re2 43. a4 Re3 44. Rxe3 fxe3 45. Kc2 1-0

[Event "LA LUPA OPEN A "]
[Site "?"]
[Date "2019.05.16"]
[Round "3"]
[White "DE CATALDO, ANTONIO."]
[Black "RACCAH, ASCER."]
[Result "0-1"]
[WhiteElo "1261"]
[BlackElo "1573"]
[PlyCount "34"]

1. d4 Nf6 2. Nf3 e6 3. Nc3 d5 4. e3 a6 5. Be2 Bd6 6. O-O O-O 7. Re1 Nbd7 8. b3
Bb4 9. Bd2 c5 10. a3 cxd4 11. exd4 Bxc3 12. Bxc3 Ne4 13. Bb2 b5 14. Bd3 f5 15.
Ne5 Nxe5 16. dxe5 Bb7 17. f3 Qb6+ 0-1

[Event "LA LUPA OPEN A "]
[Site "?"]
[Date "2019.05.23"]
[Round "4"]
[White "GIORNI, MORENO."]
[Black "PALA, GIORGIO."]
[Result "0-1"]
[WhiteElo "1970"]
[BlackElo "2048"]
[PlyCount "76"]

1. Nf3 f5 2. d3 d6 3. e4 e5 4. exf5 Bxf5 5. d4 e4 6. Qe2 Be7 7. Nfd2 d5 8. Qb5+
Nc6 9. Nb3 Rb8 10. Nc3 Nf6 11. Bg5 a6 12. Qe2 O-O 13. Qd2 Nd7 14. Be3 Be6 15.
Nxe4 dxe4 16. d5 Nb4 17. dxe6 Nf6 18. Be2 Qxd2+ 19. Kxd2 Rbd8+ 20. Kc1 Nfd5 21.
Bd4 Nc6 22. c3 Nxd4 23. Nxd4 Rxf2 24. Kd2 Bg5+ 25. Ke1 Rxg2 26. h4 Be7 27. Nf5
Rf8 28. Rf1 g6 29. Nxe7+ Nxe7 30. Rxf8+ Kxf8 31. Rd1 Rg1+ 32. Bf1 Rh1 33. Rd7
Nf5 34. Rxh7 Ne3 35. Rf7+ Ke8 36. Ke2 Nxf1 37. Rxf1 Rxf1 38. Kxf1 Ke7 0-1

[Event "LA LUPA OPEN A "]
[Site "?"]
[Date "2019.05.23"]
[Round "4"]
[White "D'AMORE, EMANUELE."]
[Black "PUGLIA, FRANCESCO."]
[Result "1-0"]
[WhiteElo "2159"]
[BlackElo "1872"]
[PlyCount "65"]

1. e4 c5 2. Nf3 d6 3. d4 cxd4 4. Nxd4 Nf6 5. Nc3 a6 6. Bc4 e6 7. Bb3 b5 8. a3
Be7 9. Be3 O-O 10. O-O Bb7 11. f3 d5 12. e5 Nfd7 13. f4 Nc6 14. Qh5 Bc5 15.
Nce2 Nxd4 16. Nxd4 f6 17. exf6 Rxf6 18. c3 Qb6 19. Rae1 Raf8 20. Bc2 g6 21. Qe2
Qd6 22. g3 e5 23. fxe5 Nxe5 24. Bf4 Rxf4 25. Rxf4 Re8 26. Kg2 Bc8 27. Nf3 Qd7
28. Nxe5 Qh3+ 29. Kh1 d4 30. Bb3+ Kh8 31. Nxg6+ Kg7 32. Rf7+ Kxg6 33. Qxe8 1-0

[Event "LA LUPA OPEN A "]
[Site "?"]
[Date "2019.05.23"]
[Round "4"]
[White "BONAPOSTA, FABRIZIO."]
[Black "ROBERTI, BRUNO."]
[Result "1-0"]
[WhiteElo "2067"]
[BlackElo "1850"]
[PlyCount "81"]

1. d4 f5 2. e4 fxe4 3. Nc3 Nf6 4. Bg5 Nc6 5. d5 Ne5 6. Qe2 Nf7 7. Nh3 d6 8.
Bxf6 exf6 9. Nf4 f5 10. Qb5+ Bd7 11. Qxb7 Qb8 12. Qb3 Be7 13. Bb5 Bxb5 14.
Qxb5+ Qxb5 15. Nxb5 Kd7 16. Nd4 Bf6 17. O-O-O g6 18. Nfe6 Rab8 19. b3 Ne5 20.
h3 c5 21. Ne2 Rhc8 22. Rhf1 c4 23. N2d4 cxb3 24. axb3 a5 25. Kd2 a4 26. Ra1
axb3 27. Ra7+ Ke8 28. cxb3 Nd3 29. f3 Nc5 30. Rb1 Nxe6 31. Nxe6 exf3 32. gxf3
Rc3 33. Re1 Rcxb3 34. Nd4+ Kf8 35. Nxb3 Rxb3 36. Rxh7 Rxf3 37. Rb1 Bg5+ 38. Ke2
Re3+ 39. Kf2 Kg8 40. Rd7 Re8 41. Rbb7 1-0

[Event "LA LUPA OPEN A "]
[Site "?"]
[Date "2019.05.23"]
[Round "4"]
[White "ARIGONI, BRUNO."]
[Black "QUAGLIA, FERDINANDO."]
[Result "1-0"]
[WhiteElo "1964"]
[BlackElo "1479"]
[PlyCount "61"]

1. e4 Nf6 2. e5 Nd5 3. Nc3 Nxc3 4. bxc3 d6 5. f4 Bf5 6. Nf3 h6 7. d4 d5 8. Bd3
Bxd3 9. Qxd3 c6 10. e6 Qd6 11. exf7+ Kxf7 12. Ne5+ Ke8 13. Qf5 Nd7 14. Nf7 Qf6
15. Qxf6 exf6 16. Nxh8 Bd6 17. Ng6 Kf7 18. f5 Re8+ 19. Kf2 c5 20. Bf4 Bxf4 21.
Nxf4 cxd4 22. cxd4 Re4 23. Ne6 b6 24. Rae1 g6 25. Rxe4 dxe4 26. g4 Nb8 27. Re1
Nc6 28. c3 Ne7 29. Rxe4 gxf5 30. gxf5 Nxf5 31. Nd8+ 1-0

[Event "LA LUPA OPEN A "]
[Site "?"]
[Date "2019.05.23"]
[Round "4"]
[White "RINALDO, LUIGI."]
[Black "ROCCHI, FEDERICO."]
[Result "1-0"]
[WhiteElo "1783"]
[BlackElo "1903"]
[PlyCount "121"]
[EventDate "2019.??.??"]

1. e4 g6 2. d4 Bg7 3. Nf3 c5 4. Nc3 cxd4 5. Nxd4 Nc6 6. Be3 Nf6 7. Bc4 d6 8.
O-O Ng4 9. Nxc6 bxc6 10. Qf3 O-O 11. Bb3 Nxe3 12. Qxe3 Qa5 13. Rab1 Rb8 14.
Rfd1 Bg4 15. Ne2 Rb7 16. h3 Bd7 17. Nf4 Bh6 18. Qf3 Qe5 19. Nd3 Qg5 20. a3 Bg7
21. Nb4 a5 22. Nd3 Qb5 23. a4 {IL BIANCO CHIEDE PATTA} Qg5 24. Re1 Bd4 25. Bc4
Be6 26. Bxe6 fxe6 27. Qe2 Rfb8 28. b3 c5 29. Nb2 Qf6 30. Nc4 Rf8 31. Rf1 Bc3
32. Rbd1 Qf4 33. Rd3 Bd4 34. Rf3 Qh6 35. Rxf8+ Qxf8 36. Nxa5 Rb6 37. Nc4 Rb8
38. Qd2 Qf6 39. Kh1 Bc3 40. Qd3 Qd4 41. Qxd4 Bxd4 42. f3 d5 43. Nd2 Kf7 44. Rd1
Kf6 45. g3 g5 46. Kg2 Ke5 47. Re1 Kd6 48. g4 Bc3 49. Rd1 Ke5 50. exd5 exd5 51.
Kf2 Rb4 52. Ke2 Rf4 53. Nf1 c4 54. Ne3 cxb3 55. Rxd5+ Ke6 56. cxb3 h6 57. Rb5
Rd4 58. Nc4 Kd7 59. a5 Kc7 60. a6 Rd8 61. Rb7+ 1-0

[Event "LA LUPA OPEN A "]
[Site "?"]
[Date "2019.05.23"]
[Round "4"]
[White "RENZI, ALESSIO."]
[Black "D'EVA , MAURIZIO."]
[Result "0-1"]
[WhiteElo "1744"]
[BlackElo "1784"]
[PlyCount "76"]

1. e4 c5 2. Nf3 d6 3. d4 cxd4 4. Nxd4 Nf6 5. Nc3 a6 6. Bd3 Nc6 7. Nxc6 bxc6 8.
O-O e6 9. Kh1 Be7 10. f4 Qc7 11. Qe2 Nd7 12. Be3 c5 13. f5 O-O 14. fxe6 fxe6
15. Rxf8+ Bxf8 16. Rf1 Ne5 17. Qf2 Bb7 18. Be2 Be7 19. Qg3 Rf8 20. Rxf8+ Bxf8
21. Bf4 Ng6 22. Be3 Qe7 23. Bg5 Qf7 24. h4 Be7 25. h5 Ne5 26. Qh4 Bxg5 27. Qxg5
Qf6 28. Qd2 Qd8 29. Qf4 Qf6 30. Qd2 d5 31. exd5 exd5 32. Nxd5 Qd8 33. c4 Nxc4
34. Ne7+ Qxe7 35. Bxc4+ Kh8 36. Qf4 Qd7 37. Qf7 Qc8 38. h6 Qh3+ {IL BIANCO
ABBANDONA} 0-1

[Event "LA LUPA OPEN A "]
[Site "?"]
[Date "2019.05.23"]
[Round "4"]
[White "RACCAH, ASCER."]
[Black "CASTELLANO, LORENZO."]
[Result "1-0"]
[WhiteElo "1573"]
[BlackElo "1841"]
[PlyCount "155"]

1. e4 c5 2. Nf3 d6 3. h3 Nc6 4. Bc4 Nf6 5. Nc3 e6 6. d4 cxd4 7. Nxd4 Be7 8. O-O
a6 9. a4 O-O 10. Be3 Qc7 11. Nxc6 bxc6 12. a5 d5 13. Bb6 Qf4 14. Be3 Qh4 15. e5
Qxc4 16. exf6 Bxf6 17. Ra4 Qxf1+ 18. Kxf1 e5 19. Bc5 Re8 20. Rb4 e4 21. Ne2 Bd8
22. Bb6 Be7 23. Ra4 Bd7 24. c3 Rac8 25. Ra1 f5 26. Ng3 Be6 27. b4 f4 28. Ne2 f3
29. Nd4 fxg2+ 30. Kxg2 Bd7 31. Qb3 Rf8 32. Re1 Bh4 33. Ne2 Rce8 34. Ng3 Kh8 35.
Bd4 Rf3 36. Re3 Rff8 37. Qb2 Rf7 38. Qe2 Ref8 39. Nh1 Rf3 40. c4 Bxh3+ 41. Kg1
Bg4 42. Rxf3 Rxf3 43. Qb2 Rd3 44. Bxg7+ Kg8 45. Ng3 Rd1+ 46. Kh2 Bf3 47. Bh6
Bxg3+ 48. Kxg3 Rg1+ 49. Kf4 Rg6 50. Bg5 h6 51. Be7 Kf7 52. Bc5 dxc4 53. Qd4 Be2
54. Qd7+ Kg8 55. Kxe4 Bd3+ 56. Kd4 h5 57. Qe8+ Kh7 58. Kc3 h4 59. Bd4 Kh6 60.
Be3+ Kh5 61. Qe5+ Kg4 62. Qf4+ Kh3 63. f3 Rg2 64. Qf6 Kg3 65. Qf4+ Kh3 66. Qf6
Kg3 67. Bg5 h3 68. Bh4+ Kh2 69. Qe5+ Kg1 70. Qe1+ Kh2 71. Bf6 Rg1 72. Be5+ Kh1
73. Qh4 Kg2 74. Qg3+ Kf1 75. Qxh3+ Rg2 76. Kd4 Kf2 77. Kc5 Rg3 78. Bd4+ 1-0

[Event "LA LUPA OPEN A "]
[Site "?"]
[Date "2019.05.23"]
[Round "4"]
[White "AGOSTINI, MAURIZIO."]
[Black "ARABITO, GIUSEPPE."]
[Result "0-1"]
[WhiteElo "1802"]
[BlackElo "1601"]
[PlyCount "86"]

1. d4 Nf6 2. c4 g6 3. Nc3 Bg7 4. e4 d6 5. Nf3 Nbd7 6. h3 e5 7. d5 Nc5 8. Qc2 a5
9. Bg5 Bd7 10. Be2 O-O 11. g4 Qc8 12. Rg1 Kh8 13. O-O-O Ng8 14. Ne1 f5 15. Nd3
Nxd3+ 16. Rxd3 fxg4 17. Bxg4 Nh6 18. Bxd7 Qxd7 19. Rdg3 Rf7 20. Qd2 Ng8 21. h4
Raf8 22. R1g2 Bf6 23. Nd1 b6 24. Ne3 Bxg5 25. hxg5 Rf4 26. Rg4 Qf7 27. Rxf4
Qxf4 28. Qd3 Qf3 29. Rh2 Rf4 30. Qf1 Qxe3+ 31. Kd1 Qxe4 32. Qh3 Qb1+ 33. Ke2
Re4+ 34. Kf3 Qd3+ 35. Kg2 Qxh3+ 36. Rxh3 Kg7 37. b3 Ne7 38. Kf3 Rf4+ 39. Ke2
Nf5 40. f3 Rh4 41. Rxh4 Nxh4 42. Ke3 h5 43. gxh6+ Kxh6 {IL BIANCO ABBANDONA}
0-1

[Event "LA LUPA OPEN A "]
[Site "?"]
[Date "2019.05.23"]
[Round "4"]
[White "CIVILOTTI, ROBERTO."]
[Black "VANNELLI , VITTORIO."]
[Result "0-1"]
[WhiteElo "1562"]
[BlackElo "1680"]
[PlyCount "52"]

1. d4 Nf6 2. Nc3 d5 3. Bf4 Bf5 4. f3 Nc6 5. e3 e6 6. g4 Bg6 7. h4 h5 8. g5 Nd7
9. Bd3 Bxd3 10. Qxd3 Nb4 11. Qd2 Nb6 12. b3 Bd6 13. Nge2 Bxf4 14. Nxf4 a5 15.
a3 Nc6 16. g6 e5 17. gxf7+ Kxf7 18. dxe5 Nxe5 19. Qg2 Qf6 20. Ncxd5 Nxd5 21.
Nxd5 Qc6 22. O-O-O Rad8 23. c4 Rd6 24. Rhg1 Rg6 25. Qf2 Rxg1 26. Rxg1 Nd3+ {IL
BIANCO ABBANDONA} 0-1

[Event "LA LUPA OPEN A "]
[Site "?"]
[Date "2019.05.23"]
[Round "4"]
[White "TOMASSI, EMIDIO."]
[Black "NASCA, ANDREA."]
[Result "1-0"]
[WhiteElo "1635"]
[BlackElo "1561"]
[PlyCount "57"]

1. Nf3 Nf6 2. c4 g6 3. b3 Bg7 4. Bb2 d6 5. d4 O-O 6. g3 Nbd7 7. Bg2 c5 8. O-O
Ng4 9. Nc3 f5 10. Ng5 Nb6 11. Nd5 e5 12. Nxb6 axb6 13. Bd5+ Kh8 14. Nf7+ Rxf7
15. Bxf7 Qf6 16. Bd5 e4 17. e3 g5 18. h3 Nh6 19. Kg2 Qg6 20. Qe2 f4 21. exf4
gxf4 22. Bxe4 Bf5 23. Bxf5 Nxf5 24. dxc5 dxc5 25. Bxg7+ Qxg7 26. Qg4 Ne3+ 27.
fxe3 Qb2+ 28. Kh1 fxg3 29. Qxg3 {IL NERO ABBANDONA} 1-0

[Event "LA LUPA OPEN A "]
[Site "?"]
[Date "2019.05.23"]
[Round "4"]
[White "RABITI, ROBERTO."]
[Black "BOLLA, VITTORIO."]
[Result "1/2-1/2"]
[WhiteElo "1375"]
[BlackElo "1604"]
[PlyCount "91"]

1. c4 c5 2. g3 Nc6 3. Nc3 g6 4. Bg2 Bg7 5. Nf3 e5 6. d3 Nge7 7. Bg5 f6 8. Be3
d6 9. O-O O-O 10. Nd2 Re8 11. Nd5 Nxd5 12. Bxd5+ Be6 13. Bg2 Rb8 14. Nb1 Qd7
15. Nc3 Bh3 16. Bxh3 Qxh3 17. Nd5 Qd7 18. Qd2 Ne7 19. Nc3 a6 20. a4 b6 21. Rfb1
d5 22. cxd5 Nxd5 23. a5 Nxe3 24. Qxe3 Qd4 25. Qxd4 exd4 26. Ne4 f5 27. Nd6 Rxe2
28. axb6 Rxb6 29. Nc4 Rbe6 30. Kf1 Rc2 31. Re1 Rc6 32. Re8+ Bf8 33. Ra8 Kg7 34.
R1xa6 Rxa6 35. Rxa6 Rc1+ 36. Ke2 g5 37. Kf3 Rd1 38. Ra3 Re1 39. Ra6 h5 40. Ra7+
Re7 41. Rxe7+ Bxe7 42. h3 Kf6 43. g4 h4 44. b3 Ke6 45. gxf5+ Kxf5 46. Nd2
1/2-1/2

[Event "LA LUPA OPEN A "]
[Site "?"]
[Date "2019.05.23"]
[Round "4"]
[White "MARINO, GIOVANNI."]
[Black "FILOTEI, MARCELLO."]
[Result "1/2-1/2"]
[WhiteElo "2017"]
[BlackElo "1571"]
[PlyCount "60"]

1. Nf3 g6 2. d4 f5 3. g3 Nf6 4. Bg2 Bg7 5. b4 O-O 6. O-O d6 7. Bb2 Qe8 8. c4
Nbd7 9. Qb3 h6 10. Nc3 a6 11. Nd5 Nxd5 12. cxd5 Nf6 13. Rac1 Qd7 14. Nd2 b5 15.
Qc2 Bb7 16. Qxc7 Qxc7 17. Rxc7 Bxd5 18. a3 Bxg2 19. Kxg2 Nd5 20. Rc6 g5 21.
Rfc1 h5 22. e3 h4 23. gxh4 gxh4 24. h3 Kf7 25. Kh2 Bf6 26. Nb1 Rg8 27. Nc3 Nxc3
28. Bxc3 Rg7 29. Rg1 Rxg1 30. Kxg1 Ke6 1/2-1/2

[Event "LA LUPA OPEN A "]
[Site "?"]
[Date "2019.05.23"]
[Round "4"]
[White "MILANI, PATRIZIA."]
[Black "ALBORE , DANIELE."]
[Result "0-1"]
[WhiteElo "1528"]
[BlackElo "1649"]
[PlyCount "48"]

1. d4 d5 2. c4 e6 3. Nc3 c5 4. cxd5 exd5 5. Nf3 Nc6 6. e3 c4 7. Be2 Bb4 8. O-O
Nf6 9. Nd2 Bf5 10. f3 Qe7 11. Nxd5 Nxd5 12. Nxc4 Nb6 13. e4 Nxd4 14. Nxb6 Nxe2+
15. Qxe2 axb6 16. Qb5+ Bd7 17. Qe2 O-O 18. Bd2 Bxd2 19. Qxd2 Rfd8 20. Qf4 Be6
21. a3 Qd6 22. Qxd6 Rxd6 23. Rac1 Rc6 24. Kf2 Rac8 0-1

[Event "LA LUPA OPEN A "]
[Site "?"]
[Date "2019.05.23"]
[Round "4"]
[White "CONDORELLI, ROBERTO."]
[Black "DE CATALDO, ANTONIO."]
[Result "1-0"]
[WhiteElo "1374"]
[BlackElo "1261"]
[PlyCount "79"]

1. e4 e5 2. Nf3 Nc6 3. Bb5 d6 4. O-O Bd7 5. Re1 Nf6 6. d3 Be7 7. c3 O-O 8. Nbd2
a6 9. Ba4 Qe8 10. Nf1 Rd8 11. Ng3 Bg4 12. h3 Bd7 13. d4 exd4 14. cxd4 b5 15.
Bb3 Na5 16. Bc2 Bc6 17. d5 Bb7 18. b3 Ba8 19. Bb2 Nb7 20. Rb1 Nc5 21. Bd4 c6
22. b4 Ncd7 23. dxc6 Bxc6 24. Bb3 Ne5 25. Qe2 Ng6 26. Rbc1 Rc8 27. Bb2 Nd7 28.
Nd4 Bb7 29. Ndf5 Rxc1 30. Rxc1 Nf6 31. Nh5 Bxe4 32. Nxf6+ Bxf6 33. Bxf6 gxf6
34. Nxd6 Qe7 35. Nxe4 f5 36. Nc3 Qxb4 37. Nd5 Qd4 38. Rc7 Ne5 39. Ne7+ Kg7 40.
Nxf5+ {IL NERO ABBANDONA} 1-0

[Event "LA LUPA OPEN A "]
[Site "?"]
[Date "2019.05.30"]
[Round "5"]
[White "GROMOVS, SERGEJS."]
[Black "PALA, GIORGIO."]
[Result "1/2-1/2"]
[WhiteElo "2224"]
[BlackElo "2048"]
[PlyCount "116"]

1. d4 f5 2. e4 fxe4 3. Nc3 Nf6 4. Bg5 c6 5. f3 Qa5 6. Qd2 e5 7. dxe5 Qxe5 8.
fxe4 Bb4 9. Nf3 Bxc3 10. bxc3 Qxe4+ 11. Be2 O-O 12. O-O d5 13. Rae1 Nbd7 14.
Bd3 Qg4 15. h3 Qh5 16. c4 Nc5 17. cxd5 Nxd3 18. Qxd3 Nxd5 19. c4 Bf5 20. Qb3
Nf6 21. Re7 Ne4 22. Qxb7 Qg6 23. h4 Nxg5 24. hxg5 Be4 25. Rd1 Rae8 26. Rxe8
Rxe8 27. Qd7 Bxf3 28. gxf3 Qxg5+ 29. Kf1 Qe3 30. Kg2 Qg5+ 31. Kf1 Qe3 32. Kg2
Rf8 33. Rd3 Qe2+ 34. Kg3 Qe1+ 35. Kg2 h5 36. Ra3 Rf6 37. Qd3 h4 38. Rxa7 Qg3+
39. Kh1 Rg6 40. Qf1 Re6 41. Ra8+ Kh7 42. Qd3+ Rg6 43. Qf1 c5 44. Rc8 Ra6 45.
Qd3+ Rg6 46. Qf1 Rf6 47. Qd3+ Rg6 48. Qf1 Ra6 49. Qd3+ Rg6 50. Qf1 Ra6 51. Qb1+
Rg6 52. Qf1 Ra6 53. Qd3+ Rg6 54. Qf1 Re6 55. Qd3+ Rg6 56. Qf1 Ra6 57. Qd3+ Rg6
58. Qf1 Re6 1/2-1/2

[Event "LA LUPA OPEN A "]
[Site "?"]
[Date "2019.05.30"]
[Round "5"]
[White "ARIGONI, BRUNO."]
[Black "D'AMORE, EMANUELE."]
[Result "1/2-1/2"]
[WhiteElo "1964"]
[BlackElo "2159"]
[PlyCount "89"]

1. Nf3 d5 2. b4 e6 3. a3 Nf6 4. e3 Be7 5. d4 O-O 6. Bd3 Nbd7 7. Nbd2 b6 8. O-O
Bb7 9. Rb1 Ne4 10. Bxe4 dxe4 11. Ne1 Bd6 12. g3 Rc8 13. c4 f5 14. Ng2 Nf6 15.
c5 Be7 16. Nf4 Bd5 17. Qc2 g5 18. Nxd5 exd5 19. f4 Ng4 20. Re1 c6 21. Nf1 b5
22. h3 Nh6 23. Qe2 g4 24. h4 a5 25. Bd2 a4 26. Qf2 Nf7 27. Rec1 Nh8 28. Qh2 Qe8
29. Be1 Qh5 30. Rc2 Rf6 31. Qh1 Rh6 32. Rh2 Ng6 33. Rbb2 Nf8 34. Rbc2 Nd7 35.
Qg2 Nf6 36. Qf2 Qf7 37. Qg2 Rh5 38. Qf2 Kh8 39. Qg2 Rg8 40. Qf2 Rg6 41. Qg2
Rgh6 42. Qh1 Nd7 43. Qg2 Nf8 44. Rh1 Ng6 45. Rh2 1/2-1/2

[Event "LA LUPA OPEN A "]
[Site "?"]
[Date "2019.05.30"]
[Round "5"]
[White "RINALDO, LUIGI."]
[Black "BONAPOSTA, FABRIZIO."]
[Result "0-1"]
[WhiteElo "1783"]
[BlackElo "2067"]
[PlyCount "138"]
[EventDate "2019.??.??"]

1. e4 c5 2. Nc3 Nc6 3. g3 g6 4. Bg2 Bg7 5. d3 e6 6. Be3 d6 7. Qd2 Rb8 8. Nge2
Nd4 9. O-O h5 10. Rab1 Ne7 11. h4 Nec6 12. a3 Qa5 13. Bf4 Ne5 14. Nxd4 cxd4 15.
Ne2 Qxd2 16. Bxd2 Nc6 17. Bf4 Ke7 18. Rfe1 Bd7 19. Kf1 Rbc8 20. Rbc1 Nb8 21.
Bg5+ Ke8 22. Bf4 Ke7 23. Bg5+ f6 24. Bd2 e5 25. c3 Bb5 26. c4 Bd7 27. b4 Na6
28. Ng1 Rc7 29. Ke2 Rhc8 30. Bh3 f5 31. exf5 gxf5 32. Nf3 Kf7 33. Ng5+ Kg6 34.
Bg2 Re8 35. Kf1 Bc6 36. Bxc6 bxc6 37. Nf3 Rce7 38. Bg5 Re6 39. Rcd1 c5 40. b5
Nb8 41. a4 Nd7 42. a5 e4 43. Ng1 exd3 44. Rxe6+ Rxe6 45. Nh3 Re8 46. Nf4+ Kf7
47. Nxd3 Ne5 48. Nxe5+ dxe5 49. b6 axb6 50. axb6 Rb8 51. Rb1 Ke6 52. Rb5 Kd6
53. Ke2 Rb7 54. f3 Bf8 55. Bd8 Kd7 56. Ra5 Kxd8 57. Ra8+ Kd7 58. Rxf8 Rxb6 59.
Rxf5 Rb2+ 60. Kd3 Ke6 61. Rxh5 Rb3+ 62. Kd2 Rxf3 63. Rh6+ Kf5 64. Rh5+ Ke4 65.
Rg5 Ra3 66. h5 Ra2+ 67. Kc1 d3 68. Kd1 Kd4 69. h6 Kc3 0-1

[Event "LA LUPA OPEN A "]
[Site "?"]
[Date "2019.05.30"]
[Round "5"]
[White "D'EVA, MAURIZIO."]
[Black "ROBERTI, BRUNO."]
[Result "1/2-1/2"]
[WhiteElo "1784"]
[BlackElo "1850"]
[PlyCount "49"]

1. e4 c5 2. Nc3 e6 3. Nf3 a6 4. d4 cxd4 5. Nxd4 Nc6 6. Nxc6 bxc6 7. Bd3 d5 8.
O-O Nf6 9. Bg5 Be7 10. e5 Nd7 11. Bxe7 Qxe7 12. f4 Rb8 13. Na4 c5 14. b3 Nb6
15. Nxb6 Rxb6 16. Kh1 O-O 17. Qh5 g6 18. Qh6 f6 19. exf6 Qxf6 20. Rae1 Qc3 21.
Re3 Qg7 22. Qh4 Qf6 23. Qh6 Qg7 24. Qh4 Qf6 25. Qh6 1/2-1/2

[Event "LA LUPA OPEN A "]
[Site "?"]
[Date "2019.05.30"]
[Round "5"]
[White "ARABITO, GIUSEPPE."]
[Black "VANNELLI, VITTORIO."]
[Result "0-1"]
[WhiteElo "1601"]
[BlackElo "1680"]
[PlyCount "76"]

1. Nf3 c5 2. e4 Nc6 3. d4 cxd4 4. c3 dxc3 5. Nxc3 e6 6. Bc4 Bb4 7. O-O Nge7 8.
a3 Bxc3 9. bxc3 d5 10. exd5 exd5 11. Bb5 O-O 12. Bg5 Be6 13. Qd2 Qa5 14. a4 a6
15. Bd3 Bf5 16. Rfe1 Bxd3 17. Bxe7 Nxe7 18. Rxe7 Be4 19. Ng5 Rac8 20. Rxb7 Qxc3
21. Qxc3 Rxc3 22. Nxe4 dxe4 23. a5 Rfc8 24. h3 f5 25. Rb6 Rc1+ 26. Rxc1 Rxc1+
27. Kh2 Rc2 28. Kg1 Ra2 29. Rxa6 Kf7 30. g3 g5 31. h4 gxh4 32. gxh4 f4 33. Rh6
Rxa5 34. Rxh7+ Kg6 35. Re7 Kf5 36. Rg7 Ra1+ 37. Kg2 f3+ 38. Kg3 Rg1+ 0-1